• 首页
  • 本馆介绍
  • 公告通知
  • 最新文献
  • 馆藏检索
  • 电子资源
  • 读者导购
  • 参考咨询
  • 我的图书馆
  • 登录
  • 详细信息显示
  • 放入我的书架
  • 预约/预借图书
  • 作者相关作品
  • 分类相关作品
  • 丛书相关作品
  • 出版社相关作品

书目信息

  • 表格格式
  • 工作单格式
  • 卡片格式
题名:
毛泽东八篇著作词语注释
    
 
作者: ;中共河北省委宣传部理论研究室 编
分册:  
出版信息: 石家庄   河北人民出版社  1982
页数: 152页
开本: 19cm
丛书名:
单 册:
中图分类: A841.2 , A84
科图分类:
主题词: 毛泽东著作--注释 , 毛泽东著作--学习 , 毛泽东著作研究
电子资源:
ISBN:
000 00874nam0 2200265 45
001 0955907969
005 20090929160723.18
010    @dCNY0.42
091    @aCN@b2086.97
100    @a19950408d1982 em y0chiy0121 ea
101 0  @achi
102    @aCN@b130000
105    @ay z 000yy
200 10 @a毛泽东八篇著作词语注释@Amao ze dong ba pian zhu zuo ci yu zhu shi@f中共河北省委宣传部理论研究室编@Fzhong gong he bei sheng wei xuan chuan bu li lun yan jiu shi bian
210    @a石家庄@c河北人民出版社@d1982
215    @a152页@d19cm
606 0  @a毛泽东著作@x注释
606 0  @a毛泽东著作@x学习
606 0  @a毛泽东著作研究
690    @aA841.2@v3
690    @aA84@v4
711 02 @a中共河北省委宣传部理论研究室@Azhong gong he bei sheng wei xuan chuan bu li lun yan jiu shi@4编
801  2 @aCN@bNLC@c20060811
801  0 @aCN@bTSSF@c20060808
905    @a10447@dA84@eJY12
    
    毛泽东八篇著作词语注释/中共河北省委宣传部理论研究室编.-石家庄:河北人民出版社,1982
    152页;19cm
    
    
    ISBN :CNY0.42
    
●
相关链接 在E读中查询图书 在五车中查询图书 在当当中查询图书 在豆瓣中查询图书


正题名:毛泽东八篇著作词语注释     索取号:A84/JY12         预约/预借

序号 登录号 条形码 馆藏地/架位号 状态 备注
1 7804918   278049185   学院路分馆/ [索取号:A84/JY12] 在馆    
2 7804919   278049194   学院路分馆/ [索取号:A84/JY12] 在馆    
唐山师范学院图书馆 欢迎您!
大连网信软件有限公司© 版权所有